000
00343 a2200157 4500
001
169129
020
_a
040
_c
Magnum
100
_a
Fusari, Maria Felisminda de Rezende e
240
1
0
_a
Arte na educacao escolar
_l
por
245
1
0
_a
Arte na educacao escolar
362
0
_a
1899
440
1
_a
Cortez
697
_a
ARTES
942
_c
BK
999
_c
169129
_d
169129